Digital signal processing in telecommunications / (Record no. 182746)

000 -LEADER
fixed length control field 01954 a2200265 4500
003 - CONTROL NUMBER IDENTIFIER
control field Nust
005 - DATE AND TIME OF LATEST TRANSACTION
control field 20221212105732.0
010 ## - LIBRARY OF CONGRESS CONTROL NUMBER
LC control number 93198528
020 ## - INTERNATIONAL STANDARD BOOK NUMBER
International Standard Book Number 0412477602 :
040 ## - CATALOGING SOURCE
Transcribing agency Nust
082 00 - DEWEY DECIMAL CLASSIFICATION NUMBER
Classification number 621.3822,DIG
245 00 - TITLE STATEMENT
Title Digital signal processing in telecommunications /
Statement of responsibility, etc. edited by F.A. Westall and S.F.A. Ip.
250 ## - EDITION STATEMENT
Edition statement 1st ed.
260 ## - PUBLICATION, DISTRIBUTION, ETC.
Place of publication, distribution, etc. London ;
-- New York :
Name of publisher, distributor, etc. Chapman & Hall,
Date of publication, distribution, etc. 1993.
300 ## - PHYSICAL DESCRIPTION
Extent xi, 486 p. :
Other physical details ill. ;
Dimensions 24 cm.
440 #0 - SERIES STATEMENT/ADDED ENTRY--TITLE
Title BT telecommunications series ;
Volume/sequential designation 3
9 (RLIN) 104620
505 ## - FORMATTED CONTENTS NOTE
Formatted contents note Digital signal processing in telecommunications.(Page-1), Fixed filtering - a review and some new ideas (Page-38), Adaptive filters - a review of techniques. (Page-67), Adaptive filtering - applications in telephony (Page-111), A signal processing application development environment (Page-139), A low-complexity high-speed digital subscriber loop transceiver (Page-161), An application of DSP to voiceband modems (Page-178), Block coding for voiceband modems (Page-217), Correlative-level Mod(N) encoding and near-maximum likelihood decoding (Page-238), A review of digital signal processing techniques in speech analysis (Page-263), Speech coding for telecommunications. (Page-300), The DSP development platform for the Skyphone speech codec (Page-326), The DSP network emulator for subjective assessment (Page-352), A hybrid bandsplitting acoustic noise canceller (Page-373) Video codec design using DSP devices (Page-400), Digital implementation of neural networks DSP in network modelling and measurement (Page-443).
650 #0 - SUBJECT ADDED ENTRY--TOPICAL TERM
Topical term or geographic name entry element Signal processing
General subdivision Digital techniques.
9 (RLIN) 55548
650 #0 - SUBJECT ADDED ENTRY--TOPICAL TERM
Topical term or geographic name entry element Telecommunication Engineering
700 1# - ADDED ENTRY--PERSONAL NAME
Personal name Ip, S. F. A.
9 (RLIN) 104621
700 1# - ADDED ENTRY--PERSONAL NAME
Personal name Westall, F. A.
9 (RLIN) 104622
856 42 - ELECTRONIC LOCATION AND ACCESS
Materials specified Publisher description
Uniform Resource Identifier <a href="http://www.loc.gov/catdir/enhancements/fy0821/93198528-d.html">http://www.loc.gov/catdir/enhancements/fy0821/93198528-d.html</a>
856 42 - ELECTRONIC LOCATION AND ACCESS
Materials specified Table of contents only
Uniform Resource Identifier <a href="http://www.loc.gov/catdir/enhancements/fy0821/93198528-t.html">http://www.loc.gov/catdir/enhancements/fy0821/93198528-t.html</a>
942 ## - ADDED ENTRY ELEMENTS (KOHA)
Source of classification or shelving scheme
Koha item type Book
Holdings
Withdrawn status Lost status Source of classification or shelving scheme Damaged status Not for loan Permanent Location Current Location Shelving location Date acquired Full call number Barcode Date last seen Price effective from Koha item type Public note
          Military College of Signals (MCS) Military College of Signals (MCS) General Stacks 12/12/2016 621.3822,DIG MCS1091 12/08/2016 12/12/2016 Book Almirah No.36, Shelf No.3
© 2023 Central Library, National University of Sciences and Technology. All Rights Reserved.